000 00529nam a2200181 a 4500
001 35735
005 20180714004134.0
008 140415s2000 000 0 spa d
020 _a9684443242
041 _aspa
082 _a519.2
_bGRI
100 1 _aGRIMALDI, RALPH P.
245 1 0 _aMATEMATICAS DISCRETA Y COMBINATORIA :
_bUNA INTRODUCCION CON APLICACIONES
250 _a1a ed.
260 _a[s.l.] :
_bADDISON WESLEY LONGMAN,
_c2000
300 _a874
650 1 4 _aMATEMATICAS
_xPROBABILIDAD
_xPROBABILIDAD
999 _c35735
_d35735